[Event "East Detroit (MCO/3)"]
[Site "?"]
[Date "1983.??.??"]
[Round "?"]
[White "DuPuis, P.."]
[Black "Jarosz, Stan"]
[Result "1-0"]
[WhiteElo "2210"]
[BlackElo "1935"]
[PlyCount "75"]
[EventDate "1983.??.??"]

1. c4 e6 2. Nf3 Nf6 3. d4 d5 4. Nc3 Be7 5. Bf4 O-O 6. e3 b6 7. Bd3 Bb7 8. O-O
Nbd7 9. cxd5 exd5 10. Nb5 c5 11. Nd6 Bxd6 12. Bxd6 Re8 13. Rc1 c4 14. Bf5 Ne4
15. Bf4 b5 16. Ne5 Ndf6 17. f3 Nd6 18. Bb1 Nh5 19. Qc2 f5 20. Bg3 Nxg3 21. hxg3
Qg5 22. Kf2 g6 23. Rh1 a5 24. Rh4 Re7 25. Rch1 b4 26. Qa4 Rc7 27. Rxh7 Rxh7 28.
Rxh7 Kxh7 29. Qd7+ Kg8 30. Qxd6 Re8 31. f4 Qh6 32. Bxf5 c3 33. bxc3 bxc3 34.
Be6+ Kh7 35. Qd7+ Qg7 36. Qxe8 c2 37. Bf7 c1=Q 38. Bxg6+ 1-0

[Event "East Detroit (MCO/1)"]
[Site "?"]
[Date "1983.??.??"]
[Round "?"]
[White "DuPuis, P.."]
[Black "Holmes, J.."]
[Result "1-0"]
[WhiteElo "2210"]
[BlackElo "1680"]
[PlyCount "29"]
[EventDate "1983.??.??"]

1. e4 Nf6 2. e5 Nd5 3. d4 d6 4. c4 Nb6 5. f4 dxe5 6. fxe5 Nc6 7. Be3 Bf5 8. Nc3
e6 9. Nf3 Be7 10. d5 exd5 11. cxd5 Nb4 12. Nd4 Bg6 13. Bb5+ Kf8 14. O-O N4xd5
15. Ne6+ 1-0

[Event "East Detroit (MCO/5)"]
[Site "?"]
[Date "1983.??.??"]
[Round "?"]
[White "DuPuis, P.."]
[Black "Forte, Joe"]
[Result "1-0"]
[WhiteElo "2210"]
[BlackElo "2000"]
[PlyCount "71"]
[EventDate "1983.??.??"]

1. e4 c5 2. Nf3 Nc6 3. d4 cxd4 4. Nxd4 g6 5. Nc3 Bg7 6. Be3 Nf6 7. Be2 O-O 8.
Nb3 d6 9. O-O a5 10. a4 Nb4 11. f4 Nd7 12. Bd3 b6 13. Rf2 Bb7 14. Nd4 Nc5 15.
f5 Nc6 16. Nxc6 Bxc6 17. Qg4 Bd7 18. Bc4 Rc8 19. Bd5 Qe8 20. Qh3 e6 21. fxg6
fxg6 22. Rxf8+ Bxf8 23. Ba2 Bg7 24. Rd1 Bxc3 25. bxc3 Nxe4 26. Bd4 Qe7 27. Qe3
d5 28. c4 Qg5 29. cxd5 Qxe3+ 30. Bxe3 e5 31. d6+ Kg7 32. Bb3 Nc5 33. Bxc5 Rxc5
34. Rf1 Bf5 35. Rxf5 gxf5 36. d7 1-0

[Event "East Detroit (MCO/4)"]
[Site "?"]
[Date "1983.??.??"]
[Round "?"]
[White "Donaldson, J.."]
[Black "Finegold, Ben"]
[Result "1-0"]
[WhiteElo "2450"]
[BlackElo "2180"]
[PlyCount "113"]
[EventDate "1983.??.??"]

1. Nf3 Nf6 2. c4 e6 3. d4 d5 4. Nc3 Be7 5. Bf4 O-O 6. e3 b6 7. cxd5 exd5 8. Bd3
c5 9. O-O Be6 10. Ne5 Qc8 11. Rc1 Nbd7 12. Qa4 Nxe5 13. Ba6 Qe8 14. Qxe8 Nxe8
15. Bxe5 Bf6 16. Nb5 Bxe5 17. dxe5 f6 18. exf6 Rxf6 19. Rfd1 Rd8 20. a3 Rf7 21.
b4 Nc7 22. Nxc7 Rxc7 23. f3 Kf7 24. Kf2 g6 25. Ke2 Ke7 26. h4 Bd7 27. Rc3 Ba4
28. Rd4 c4 29. b5 Rc5 30. e4 Bxb5 31. Bxb5 Rxb5 32. exd5 Rdxd5 33. Rxd5 Rxd5
34. Rxc4 Ra5 35. Rc7+ Kf6 36. Rxh7 Rxa3 37. g4 Ra2+ 38. Ke3 Ra4 39. Rb7 Ke6 40.
Kf2 Ra5 41. Kg3 b5 42. Kf4 a6 43. Rb6+ Kf7 44. g5 Ra4+ 45. Ke5 Rxh4 46. Rb7+
Kf8 47. f4 Rg4 48. Rb6 Kg7 49. Rxa6 b4 50. Ra7+ Kg8 51. Rb7 Kf8 52. Rxb4 Kg7
53. Ke6 Rh4 54. Rb7+ Kg8 55. f5 gxf5 56. Kf6 Rg4 57. g6 1-0

[Event "East Detroit (MCO/2)"]
[Site "?"]
[Date "1983.??.??"]
[Round "?"]
[White "Donaldson, J.."]
[Black "Eagle, Chris"]
[Result "1-0"]
[WhiteElo "2450"]
[BlackElo "1860"]
[PlyCount "69"]
[EventDate "1983.??.??"]

1. Nf3 c5 2. c4 Nf6 3. Nc3 d5 4. cxd5 Nxd5 5. e4 Nc7 6. d4 cxd4 7. Nxd4 e5 8.
Ndb5 Qxd1+ 9. Kxd1 Nxb5 10. Nxb5 Na6 11. Be3 Bb4 12. Bc4 O-O 13. Ke2 Bd7 14.
Rhd1 Rfd8 15. Rac1 Bc5 16. Bxc5 Nxc5 17. Bxf7+ Kxf7 18. Rxc5 Kf6 19. Ke3 a6 20.
Nc7 Rac8 21. Nxa6 bxa6 22. Rxc8 Rxc8 23. Rxd7 Rc6 24. Ra7 h5 25. h4 g6 26. b4
Rc3+ 27. Kd2 Ra3 28. b5 Rxa2+ 29. Kc3 Rxf2 30. Rxa6+ Kg7 31. b6 Rf1 32. Ra2 Rf6
33. Rb2 Rc6+ 34. Kd3 Rd6+ 35. Kc4 1-0

[Event "East Detroit (MCO/6)"]
[Site "?"]
[Date "1983.??.??"]
[Round "?"]
[White "Donaldson, J.."]
[Black "Blocker, C.."]
[Result "1/2-1/2"]
[WhiteElo "2450"]
[BlackElo "2430"]
[PlyCount "109"]
[EventDate "1983.??.??"]

1. Nf3 Nf6 2. g3 d5 3. Bg2 Bf5 4. O-O e6 5. d3 Be7 6. Nbd2 h6 7. c4 c6 8. b3
O-O 9. Bb2 Bh7 10. Qc2 c5 11. Rac1 Nc6 12. cxd5 Nxd5 13. Qb1 b6 14. Qa1 Bf6 15.
Bxf6 Qxf6 16. Qxf6 gxf6 17. a3 Rac8 18. Rc4 Na5 19. Rc2 Nb7 20. Rfc1 Rcd8 21.
Ne4 Bxe4 22. dxe4 Ne7 23. e5 fxe5 24. Nxe5 Na5 25. Rb1 f6 26. b4 fxe5 27. bxa5
Rd6 28. axb6 axb6 29. Rcb2 Rfd8 30. Rxb6 Rxb6 31. Rxb6 Rd1+ 32. Bf1 Kf7 33. e4
c4 34. Rb4 c3 35. Rc4 Rc1 36. Kg2 Ke8 37. Rc5 Kd7 38. Bb5+ Kd8 39. a4 Nc8 40.
Rxe5 Nd6 41. Rxe6 Rd1 42. e5 Nxb5 43. Rc6 Nd4 44. Rxc3 Ke7 45. a5 Ra1 46. Rc4
Nf5 47. Rc5 Ke6 48. f4 h5 49. Kh3 Nd4 50. Kh4 Ra2 51. Kxh5 Rxh2+ 52. Kg5 Rh8
53. Rc3 Rg8+ 54. Kh4 Kf5 55. Kh3 1/2-1/2

[Event "East Detroit (MCO/4)"]
[Site "?"]
[Date "1983.??.??"]
[Round "?"]
[White "Decker, Dale"]
[Black "Murray, David"]
[Result "0-1"]
[WhiteElo "1815"]
[BlackElo "2060"]
[PlyCount "90"]
[EventDate "1983.??.??"]

1. e4 c5 2. Nf3 d6 3. g3 Nf6 4. d3 Nc6 5. Bg2 g6 6. O-O Bg7 7. Nbd2 O-O 8. Re1
Qc7 9. a4 Rb8 10. Nc4 e5 11. Bd2 b6 12. Qc1 Nd4 13. Nxd4 cxd4 14. f4 Be6 15.
Nxd6 Qxd6 16. fxe5 Qxe5 17. Bf4 Qh5 18. Bxb8 Rxb8 19. Qf4 Rc8 20. Bf3 Bg4 21.
e5 Bxf3 22. exf6 Bf8 23. Re5 Qg4 24. Qxg4 Bxg4 25. a5 Be6 26. axb6 axb6 27. Ra6
Bh6 28. Rxb6 Be3+ 29. Rxe3 dxe3 30. Rd6 Bh3 31. Rd4 Re8 32. Re4 Rxe4 33. dxe4
Kf8 34. c4 Ke8 35. b4 Kd7 36. b5 Kd6 37. b6 Kc6 38. c5 Bc8 39. e5 Bh3 40. g4
Bxg4 41. Kf1 h5 42. h4 Bc8 43. Ke2 Kd7 44. Kxe3 Bb7 45. Kd3 Ke6 0-1

[Event "East Detroit (MCO/2)"]
[Site "?"]
[Date "1983.??.??"]
[Round "?"]
[White "Decker, Dale"]
[Black "Mazuchowski, Tom"]
[Result "0-1"]
[WhiteElo "1815"]
[BlackElo "2155"]
[PlyCount "94"]
[EventDate "1983.??.??"]

1. e4 e5 2. Nf3 Nc6 3. Bb5 Nf6 4. O-O d6 5. d4 Nd7 6. c3 Be7 7. Be3 O-O 8. h3
Bf6 9. Qd2 Qe7 10. d5 Ncb8 11. g4 g6 12. Bh6 Bg7 13. Qg5 f6 14. Qe3 Bxh6 15.
Qxh6 Qg7 16. Qxg7+ Kxg7 17. Nbd2 Nb6 18. Bd3 h5 19. gxh5 Bxh3 20. Rfe1 g5 21.
Nh2 Rh8 22. Be2 c6 23. c4 c5 24. Ndf1 Nc8 25. Ng3 Ne7 26. Ng4 Na6 27. Kh2 Bxg4
28. Bxg4 Nc7 29. Kg2 b5 30. Rac1 bxc4 31. Rxc4 Rhb8 32. Rc2 Rb4 33. a3 Rb3 34.
Rh1 Nb5 35. h6+ Kh8 36. Nh5 Nd4 37. Rd2 Rf8 38. Bd1 Rbb8 39. Rh3 Ng6 40. Ng3
Nf4+ 41. Kh2 Nxh3 42. Kxh3 Kh7 43. Nf5 Nxf5 44. exf5 Kxh6 45. Kg4 Kg7 46. Rc2
a5 47. Rc4 Rh8 0-1

[Event "East Detroit (MCO/6)"]
[Site "?"]
[Date "1983.??.??"]
[Round "?"]
[White "DeJongh, John"]
[Black "Ward, Tim"]
[Result "1/2-1/2"]
[WhiteElo "1605"]
[BlackElo "1900"]
[PlyCount "61"]
[EventDate "1983.??.??"]

1. e4 e6 2. d4 d5 3. e5 c5 4. Ne2 cxd4 5. Nxd4 Nc6 6. Bb5 Bd7 7. Nxc6 bxc6 8.
Bd3 Ne7 9. O-O Ng6 10. Re1 Be7 11. Nd2 O-O 12. Nf3 Qc7 13. Bd2 c5 14. c3 Bc6
15. Ng5 Bxg5 16. Bxg5 Nxe5 17. Bf4 f6 18. Qh5 g6 19. Bxe5 fxe5 20. Qxe5 Qxe5
21. Rxe5 Rf6 22. c4 Rd8 23. Rae1 Rd6 24. b3 a5 25. f3 Bd7 26. cxd5 exd5 27. Rc1
c4 28. bxc4 dxc4 29. Bxc4+ Be6 30. Bxe6+ Rfxe6 31. Rxe6 1/2-1/2

[Event "East Detroit (MCO/4)"]
[Site "?"]
[Date "1983.??.??"]
[Round "?"]
[White "DeJongh, John"]
[Black "Suess, J.."]
[Result "1-0"]
[WhiteElo "1605"]
[BlackElo "1605"]
[PlyCount "120"]
[EventDate "1983.??.??"]

1. e4 e6 2. d4 c6 3. Nf3 Nf6 4. Bd3 Be7 5. O-O d5 6. e5 Ne4 7. Nbd2 Nxd2 8.
Bxd2 Nd7 9. c3 Nb6 10. b3 Qd7 11. a4 a5 12. Ng5 f5 13. exf6 Bxf6 14. Re1 Qe7
15. Qg4 h5 16. Bg6+ Kd8 17. Bxh5 e5 18. Nf7+ Qxf7 19. Qxc8+ Kxc8 20. Bxf7 e4
21. Be6+ Kd8 22. Bg4 Nd7 23. f3 exf3 24. Bxf3 Kc7 25. Bf4+ Kb6 26. Re6 Ka7 27.
Rd1 Nf8 28. Re2 Ng6 29. Bd6 Rhd8 30. Bc5+ b6 31. Ba3 Re8 32. b4 Nf4 33. Rf2 Bh4
34. Rc2 Re1+ 35. Rxe1 Bxe1 36. bxa5 bxa5 37. Bc5+ Kb7 38. Rb2+ Kc8 39. Bg4+ Kd8
40. Rb7 Bxc3 41. Rxg7 Ra6 42. Rg8+ Kc7 43. Rc8+ Kb7 44. Rf8 Nd3 45. Rf7+ Ka8
46. Rf8+ Kb7 47. Bc8+ Kc7 48. Bxa6 Nxc5 49. dxc5 Bd4+ 50. Kf1 Bxc5 51. Rf3 Bb4
52. h4 d4 53. h5 Kb6 54. Bd3 Bd2 55. Rf5 Kc7 56. g4 Kd7 57. g5 Ke6 58. g6 Bh6
59. Rxa5 Kd6 60. Ra7 Kd5 1-0

[Event "East Detroit (MCO/2)"]
[Site "?"]
[Date "1983.??.??"]
[Round "?"]
[White "DeJongh, John"]
[Black "Bolter, C.."]
[Result "1-0"]
[WhiteElo "1605"]
[BlackElo "1605"]
[PlyCount "87"]
[EventDate "1983.??.??"]

1. e4 c5 2. Nf3 d6 3. d4 cxd4 4. Nxd4 a6 5. Nc3 e5 6. Nf3 h6 7. Bc4 Nf6 8. O-O
Be7 9. Re1 O-O 10. Nd5 Nxd5 11. Bxd5 Nc6 12. c3 Kh8 13. Qc2 Bg4 14. Qd3 Qc8 15.
Re3 f5 16. exf5 Bxf5 17. Be4 Bxe4 18. Qxe4 Nd8 19. Nh4 Bxh4 20. Qxh4 Rf4 21.
Qh5 Qe6 22. Rf3 Rxf3 23. Qxf3 Nf7 24. Qxb7 Re8 25. Qxa6 e4 26. Be3 Ne5 27. Rd1
Nd3 28. Rxd3 exd3 29. Qxd3 d5 30. h3 Kg8 31. b4 Ra8 32. Qc2 d4 33. Bxd4 Rxa2
34. Qb1 Re2 35. Be3 Rxe3 36. fxe3 Qxe3+ 37. Kh1 Qxc3 38. b5 Qc8 39. b6 Qb8 40.
b7 Kf7 41. Qb6 Ke7 42. Qg6 Kf8 43. Qc6 Ke7 44. Qc8 1-0

[Event "Ann Arbor (MI Op/5)"]
[Site "?"]
[Date "1983.??.??"]
[Round "?"]
[White "Davis, L.."]
[Black "Riopelle, J.."]
[Result "0-1"]
[WhiteElo "1890"]
[BlackElo "1685"]
[PlyCount "116"]
[EventDate "1983.??.??"]

1. e4 e5 2. Nf3 Nc6 3. Bb5 a6 4. Ba4 Nf6 5. O-O b5 6. Bb3 Be7 7. Re1 d6 8. c3
O-O 9. h3 Na5 10. Bc2 c5 11. d4 Qc7 12. Nbd2 Nc6 13. d5 Nb8 14. Nf1 Nbd7 15. g4
Re8 16. Ng3 Nf8 17. Kh2 Ng6 18. Rb1 h6 19. Ne2 Qd7 20. Be3 h5 21. Bg5 hxg4 22.
Nh4 Nxh4 23. Bxh4 gxh3 24. Bxf6 Bxf6 25. Qd2 g6 26. Qh6 Bg7 27. Qg5 Qe7 28.
Qxe7 Rxe7 29. Ng3 Kh8 30. Bd3 Bh6 31. Bf1 Bf4 32. Bxh3 Kg7 33. Bxc8 Rxc8 34.
Kg2 Bxg3 35. Kxg3 Rh8 36. Rh1 Ree8 37. Kg2 Rxh1 38. Rxh1 Rh8 39. Ra1 Rc8 40.
Kf3 b4 41. Rc1 a5 42. Ke3 Rb8 43. Kd3 Kf6 44. Rg1 Kg7 45. Kc2 a4 46. f3 Rc8 47.
cxb4 cxb4+ 48. Kd2 f6 49. Rh1 b3 50. axb3 axb3 51. Rc1 Rxc1 52. Kxc1 f5 53.
exf5 gxf5 54. Kd2 Kf6 55. Kc3 e4 56. Kd4 exf3 57. Ke3 Ke5 58. Kxf3 Kxd5 0-1

[Event "Ann Arbor (MI Op/3)"]
[Site "?"]
[Date "1983.??.??"]
[Round "?"]
[White "Davis, L.."]
[Black "Lehotzky, Attila"]
[Result "0-1"]
[WhiteElo "1890"]
[BlackElo "2070"]
[PlyCount "108"]
[EventDate "1983.??.??"]

1. e4 c5 2. Nf3 d6 3. d4 cxd4 4. Nxd4 Nf6 5. Nc3 a6 6. Bg5 e5 7. Bxf6 Qxf6 8.
Nd5 Qd8 9. Nb3 Nc6 10. Be2 Be7 11. O-O O-O 12. Nd2 f5 13. f3 Be6 14. Nc4 Nd4
15. Ncb6 Bxd5 16. Nxd5 Rc8 17. c3 Nxe2+ 18. Qxe2 f4 19. Rfd1 Rf7 20. Nxe7+ Qxe7
21. Rd5 Rf6 22. Rad1 h5 23. Qd3 Rc6 24. Rd2 g5 25. Qe2 Rg6 26. Qd1 g4 27. Kh1
Qh4 28. Qf1 Qg5 29. R5d3 h4 30. Rd5 h3 31. R5d3 hxg2+ 32. Rxg2 g3 33. hxg3 fxg3
34. Qe1 Qh4+ 35. Kg1 Kh8 36. Rdd2 Rc7 37. Qe3 Rh7 38. Kf1 Rf6 39. Ke2 Rhf7 40.
Rd3 Qh3 41. Qg1 Rg7 42. Rd1 Kg8 43. Qh1 Qc8 44. Qh4 Qc4+ 45. Ke3 Qc5+ 46. Ke2
Qb5+ 47. Ke3 Qb6+ 48. Ke2 Qxb2+ 49. Rd2 Qb5+ 50. Ke3 Qc5+ 51. Ke2 Qc4+ 52. Ke3
Qxc3+ 53. Rd3 Rxf3+ 54. Kxf3 Qxd3# 0-1

[Event "Ann Arbor (MI Op/1)"]
[Site "?"]
[Date "1983.??.??"]
[Round "?"]
[White "Davis, L.."]
[Black "Hahn, David"]
[Result "1/2-1/2"]
[WhiteElo "1890"]
[BlackElo "2135"]
[PlyCount "49"]
[EventDate "1983.??.??"]

1. e4 c6 2. d4 d5 3. Nc3 dxe4 4. Nxe4 Nf6 5. Nxf6+ gxf6 6. Be3 Bf5 7. Bd3 Bg6
8. Nf3 e6 9. Nh4 Nd7 10. Nxg6 hxg6 11. Qe2 Qc7 12. O-O-O O-O-O 13. Kb1 Bh6 14.
Be4 Nb6 15. h3 f5 16. Bxh6 Rxh6 17. Bf3 Rh4 18. c3 g5 19. g3 Rhh8 20. Bg2 f4
21. Rd3 Nd5 22. Rhd1 Ne7 23. c4 fxg3 24. fxg3 Rhe8 25. Qd2 1/2-1/2

[Event "Ann Arbor (MI Op/7)"]
[Site "?"]
[Date "1983.??.??"]
[Round "?"]
[White "Davis, L.."]
[Black "Braak, Dairen"]
[Result "1/2-1/2"]
[WhiteElo "1890"]
[BlackElo "1840"]
[PlyCount "124"]
[EventDate "1983.??.??"]

1. e4 c5 2. Nf3 d6 3. d4 cxd4 4. Nxd4 Nf6 5. Nc3 a6 6. Bg5 e6 7. f4 Be7 8. Qf3
Qc7 9. O-O-O Nbd7 10. g4 Rb8 11. Bxf6 Bxf6 12. g5 Bxd4 13. Rxd4 b5 14. Be2 O-O
15. f5 Qc5 16. Rhd1 Ne5 17. Qh3 Rb6 18. R4d2 Bd7 19. f6 Rc8 20. Bd3 Nxd3+ 21.
Qxd3 Qxg5 22. fxg7 b4 23. Ne2 Bb5 24. Qf3 Bxe2 25. Qxe2 Qe5 26. Kb1 Rc7 27. Rd3
Rbc6 28. R1d2 a5 29. Qd1 Rd7 30. Rd4 Kxg7 31. Rg2+ Kf8 32. Rgd2 Ke7 33. Qe1 Qf6
34. e5 Qg5 35. exd6+ Rcxd6 36. Rxd6 Rxd6 37. Rxd6 Kxd6 38. Qd1+ Qd5 39. Qg1 Qf5
40. b3 Ke5 41. Qg3+ Kf6 42. Qh4+ Kg6 43. Qg3+ Qg5 44. Qd3+ f5 45. Qa6 Qg1+ 46.
Kb2 Qd4+ 47. Kb1 Qd5 48. Qf1 Qe5 49. Qg2+ Kf7 50. Qb7+ Kg6 51. Qg2+ Kf6 52. Qh3
Qe1+ 53. Kb2 Qe5+ 54. Kb1 Qc7 55. Qh6+ Ke5 56. Qe3+ Kd5 57. Qd3+ Kc6 58. Qc4+
Kd7 59. Qd4+ Kc8 60. Qh8+ Kb7 61. Qe8 Qxh2 62. Qxe6 Qg1+ 1/2-1/2

[Event "East Detroit (MCO/5)"]
[Site "?"]
[Date "1983.??.??"]
[Round "?"]
[White "Dangremond, Leonard"]
[Black "Wolf, R.."]
[Result "1-0"]
[WhiteElo "1935"]
[BlackElo "1700"]
[PlyCount "93"]
[EventDate "1983.??.??"]

1. e4 e6 2. d4 d5 3. exd5 exd5 4. Bd3 Bd6 5. f4 Qf6 6. Ne2 Bf5 7. O-O Bxd3 8.
Qxd3 Nc6 9. Nd2 Nge7 10. Nf3 Qf5 11. Qxf5 Nxf5 12. Bd2 f6 13. g4 Nh6 14. h3 Nf7
15. Ng3 Kd7 16. c3 Rae8 17. Rae1 Rxe1 18. Rxe1 Re8 19. Rxe8 Kxe8 20. Nh5 Kf8
21. f5 Ncd8 22. Kf2 c5 23. dxc5 Bxc5+ 24. Be3 b6 25. Bxc5+ bxc5 26. Nf4 Ke7 27.
Nxd5+ Kd6 28. Nf4 Ng5 29. Ke3 Nxf3 30. Kxf3 Ke5 31. Ke3 c4 32. Ne6 Nxe6 33.
fxe6 Kxe6 34. Kd4 g6 35. Kxc4 f5 36. gxf5+ gxf5 37. Kd4 Kd6 38. c4 a5 39. b3
Kc6 40. Ke5 Kc5 41. Kxf5 a4 42. bxa4 Kxc4 43. Kg5 Kb4 44. Kh6 Kxa4 45. Kxh7 Ka3
46. h4 Kxa2 47. h5 1-0

[Event "Ann Arbor (MI Op/6)"]
[Site "?"]
[Date "1983.??.??"]
[Round "?"]
[White "Dangremond, Leonard"]
[Black "Prusaitis, William"]
[Result "1-0"]
[WhiteElo "1945"]
[BlackElo "1845"]
[PlyCount "55"]
[EventDate "1983.??.??"]

1. e4 e6 2. g3 b6 3. Bg2 Bb7 4. Nc3 f5 5. d3 Nf6 6. Qe2 Bb4 7. Bd2 Nc6 8. O-O-O
Nd4 9. Qe1 O-O 10. Nge2 e5 11. Nxd4 exd4 12. Ne2 Bxd2+ 13. Rxd2 fxe4 14. dxe4
Bxe4 15. f3 Bb7 16. Nxd4 Re8 17. Qf2 Qe7 18. Re2 Qc5 19. Rhe1 Qc4 20. Rxe8+
Rxe8 21. Rxe8+ Nxe8 22. Kb1 Nf6 23. Bf1 Qd5 24. b3 c5 25. Bc4 Qxc4 26. bxc4
cxd4 27. Qxd4 Bxf3 28. Qf4 1-0

[Event "East Detroit (MCO/1)"]
[Site "?"]
[Date "1983.??.??"]
[Round "?"]
[White "Dangremond, Leonard"]
[Black "Morris, Jason"]
[Result "0-1"]
[WhiteElo "1935"]
[BlackElo "1605"]
[PlyCount "46"]
[EventDate "1983.??.??"]

1. e4 d5 2. exd5 Nf6 3. Nc3 Nxd5 4. Bc4 Nxc3 5. bxc3 Bf5 6. Qf3 e6 7. Qxb7 Nd7
8. Nf3 Bd6 9. d3 O-O 10. Be3 Qf6 11. Qb2 Rfb8 12. Bb3 Ne5 13. Nxe5 Bxe5 14. d4
Bd6 15. Qc1 Qg6 16. Qd2 Qxg2 17. O-O-O Ba3+ 18. Kb1 a5 19. Ka1 a4 20. Rhg1 axb3
21. Rxg2 bxc2 22. Rxg7+ Kh8 23. Rg8+ Rxg8 0-1

[Event "Ann Arbor (MI Op/3)"]
[Site "?"]
[Date "1983.??.??"]
[Round "?"]
[White "Dangremond, Leonard"]
[Black "Fischvogt, Eric"]
[Result "0-1"]
[WhiteElo "1945"]
[BlackElo "2205"]
[PlyCount "82"]
[EventDate "1983.??.??"]

1. e4 e5 2. Nf3 Nc6 3. Bb5 a6 4. Bxc6 dxc6 5. O-O Bg4 6. h3 h5 7. d3 Qf6 8.
Nbd2 Ne7 9. Nc4 Bxf3 10. Qxf3 Qxf3 11. gxf3 Ng6 12. Be3 O-O-O 13. a3 f6 14. b4
Be7 15. Rfd1 Rhg8 16. Kf1 Nh4 17. f4 Ng6 18. f5 Nh4 19. f4 g6 20. fxg6 exf4 21.
Bxf4 Rxg6 22. Kf2 Rg2+ 23. Ke3 Rdg8 24. Rd2 c5 25. bxc5 Bxc5+ 26. d4 Rxd2 27.
Nxd2 Ng2+ 28. Kf3 Bxd4 29. Rd1 Nxf4 30. Kxf4 Be5+ 31. Kf5 Rd8 32. Kg6 h4 33.
Kh5 c5 34. c4 Bc3 35. Nb1 Rxd1 36. Nxc3 Rd4 37. Kxh4 Rxc4 38. Nd5 Rxe4+ 39. Kg3
c4 40. h4 c3 41. Nb4 Rxb4 0-1

[Event "Ann Arbor (MI Op/1)"]
[Site "?"]
[Date "1983.??.??"]
[Round "?"]
[White "Dangremond, Leonard"]
[Black "Czuhai, Kevin"]
[Result "0-1"]
[WhiteElo "1945"]
[BlackElo "2225"]
[PlyCount "50"]
[EventDate "1983.??.??"]

1. e4 c5 2. Nf3 d6 3. d4 cxd4 4. Nxd4 Nf6 5. Nc3 g6 6. Bc4 Bg7 7. Be3 O-O 8. f3
Nc6 9. Qd2 Bd7 10. O-O-O Rc8 11. Bb3 Ne5 12. Bh6 Bxh6 13. Qxh6 Rxc3 14. bxc3
Qa5 15. Qe3 Rc8 16. Kd2 b5 17. Rb1 Rc5 18. Rhd1 Qc7 19. Ke1 a5 20. a3 a4 21.
Ba2 Rxc3 22. Qc1 Qc5 23. Rb4 Nd3+ 24. Rxd3 Rxd3 25. cxd3 Qxc1+ 0-1

[Event "East Detroit (MCO/3)"]
[Site "?"]
[Date "1983.??.??"]
[Round "?"]
[White "Dangremond, Leonard"]
[Black "Corbeill, Joe"]
[Result "1-0"]
[WhiteElo "1935"]
[BlackElo "1645"]
[PlyCount "71"]
[EventDate "1983.??.??"]

1. e4 c5 2. Nf3 Nc6 3. d4 cxd4 4. Nxd4 d6 5. Bc4 Nf6 6. Nc3 a6 7. Bb3 e6 8. Be3
Be7 9. Qe2 O-O 10. O-O Qc7 11. f3 b5 12. Qf2 Na5 13. Nxe6 fxe6 14. Bb6 Qb8 15.
Bxa5 b4 16. Na4 d5 17. exd5 exd5 18. Bb6 Bd6 19. Qh4 Bd7 20. Bc5 Bxc5+ 21. Nxc5
Qb6 22. Qf2 Bc6 23. Ne6 Qxf2+ 24. Rxf2 Rf7 25. Rd1 Rd7 26. Rfd2 Kh8 27. a4 a5
28. Re1 Re8 29. Rde2 Rde7 30. Kf2 h6 31. Nf4 Rxe2+ 32. Rxe2 Rxe2+ 33. Kxe2 Kg8
34. Kd3 Kf7 35. Kd4 g5 36. Nxd5 1-0

[Event "Ann Arbor (MI Op/6)"]
[Site "?"]
[Date "1983.??.??"]
[Round "?"]
[White "Czuhai, Kevin"]
[Black "Wolfrom, David"]
[Result "1/2-1/2"]
[WhiteElo "2225"]
[BlackElo "2115"]
[PlyCount "85"]
[EventDate "1983.??.??"]

1. d4 Nf6 2. Nc3 d5 3. Bg5 Nbd7 4. Nf3 h6 5. Bh4 e6 6. e3 Be7 7. Bd3 O-O 8. O-O
c6 9. Ne5 Nxe5 10. dxe5 Nd7 11. Bxe7 Qxe7 12. f4 Nc5 13. Qh5 Nxd3 14. cxd3 Kh7
15. Rf2 Bd7 16. Raf1 f5 17. exf6 gxf6 18. e4 f5 19. Re1 Qc5 20. Qh4 Rf7 21. Kh1
Rg8 22. Ref1 Rg4 23. Qh3 Qe7 24. Qe3 b6 25. Ne2 c5 26. Ng1 fxe4 27. dxe4 d4 28.
Qd3 e5 29. fxe5 Rxf2 30. Rxf2 Bc6 31. Qh3 Qg7 32. Ne2 Bxe4 33. Ng3 Bd5 34. Rf5
Qg6 35. Rf1 c4 36. Kg1 d3 37. Rf2 Qg5 38. Qh5 Qc1+ 39. Nf1 Qg5 40. Qh3 h5 41.
Ne3 Be6 42. Qf3 Rd4 43. Qf8 1/2-1/2

[Event "Ann Arbor (MI Op/4)"]
[Site "?"]
[Date "1983.??.??"]
[Round "?"]
[White "Czuhai, Kevin"]
[Black "Kraft, C.."]
[Result "1-0"]
[WhiteElo "2225"]
[BlackElo "1965"]
[PlyCount "112"]
[EventDate "1983.??.??"]

1. e4 e5 2. Nc3 Nf6 3. g3 d5 4. exd5 Nxd5 5. Bg2 Nxc3 6. bxc3 c6 7. Nf3 Bg4 8.
h3 Bxf3 9. Qxf3 Bd6 10. O-O O-O 11. d4 Nd7 12. Rd1 Qf6 13. Qg4 Nb6 14. a4 Qg6
15. Qxg6 hxg6 16. a5 Nd5 17. Bb2 exd4 18. cxd4 Rac8 19. c4 Nf6 20. Bc3 Rc7 21.
Re1 Rd8 22. Reb1 Re8 23. Ra2 Bf8 24. Rab2 Ree7 25. h4 Ne8 26. Bf1 Nd6 27. Bb4
Re4 28. Bxd6 Bxd6 29. c5 Bf8 30. Rxb7 Rxb7 31. Rxb7 Rxd4 32. Rxa7 Bxc5 33. Rc7
Ra4 34. a6 f6 35. Rxc6 Ba7 36. Rc8+ Kh7 37. Bc4 Ra1+ 38. Kg2 Ra3 39. g4 Ra1 40.
Bd3 Ra5 41. h5 f5 42. f4 Ra2+ 43. Kf3 Ra3 44. Rd8 gxh5 45. gxf5 Bb6 46. f6+ g6
47. Rd6 Bc5 48. Rd5 Bb6 49. Rxh5+ Kg8 50. Rd5 Kf7 51. Ke2 Ra2+ 52. Kd1 Ra3 53.
Kc2 Be3 54. Rd6 Ra4 55. Kb3 Rxf4 56. Bc4+ Ke8 1-0

[Event "Ann Arbor (MI Op/2)"]
[Site "?"]
[Date "1983.??.??"]
[Round "?"]
[White "Czuhai, Kevin"]
[Black "Arganian, David G"]
[Result "1-0"]
[WhiteElo "2225"]
[BlackElo "2095"]
[PlyCount "85"]
[EventDate "1983.??.??"]

1. d4 e6 2. e4 d5 3. Nc3 Nf6 4. Bg5 Be7 5. e5 Ne4 6. Bxe7 Qxe7 7. Nxe4 dxe4 8.
Qd2 b6 9. Bb5+ c6 10. Ba4 O-O 11. Ne2 Bb7 12. O-O c5 13. c3 Nd7 14. Qe3 f6 15.
Bxd7 Qxd7 16. dxc5 bxc5 17. Qxc5 Qd2 18. Rfe1 Qg5 19. Nd4 e3 20. f3 Bd5 21. Qd6
Rad8 22. Nxe6 Rxd6 23. Nxg5 Rb6 24. exf6 gxf6 25. Ne4 Bxe4 26. fxe4 Rxb2 27.
Rxe3 Rd8 28. Rf1 Rdd2 29. Rg3+ Kf7 30. e5 Rxa2 31. exf6 Rac2 32. Rg7+ Kf8 33.
f7 Rf2 34. Rxf2 Rc1+ 35. Rf1 Rxf1+ 36. Kxf1 Kxg7 37. Ke2 Kxf7 38. Kd3 Ke6 39.
Kc4 Kd6 40. g4 h6 41. h4 Ke5 42. Kb5 Kf4 43. c4 1-0

[Event "East Detroit (MCO/3)"]
[Site "?"]
[Date "1983.??.??"]
[Round "?"]
[White "Cyrul, R.."]
[Black "Theuerle, P.."]
[Result "0-1"]
[WhiteElo "1605"]
[BlackElo "1690"]
[PlyCount "80"]
[EventDate "1983.??.??"]

1. e4 e6 2. d4 c6 3. Nf3 Be7 4. Nc3 h6 5. Be2 Qc7 6. O-O d6 7. Nd2 Nd7 8. f4 e5
9. Nf3 exd4 10. Nxd4 Bf6 11. Kh1 Ne7 12. Nf3 b5 13. Qe1 Bb7 14. Bd3 Ng6 15. f5
Nge5 16. Nxe5 Nxe5 17. Be2 a6 18. a3 Qe7 19. Bf4 Rd8 20. Bh5 Bg5 21. b3 Bxf4
22. Rxf4 O-O 23. f6 gxf6 24. Qh4 Kg7 25. Raf1 Ng6 26. Qg3 Qe5 27. Bxg6 fxg6 28.
Qf3 Bc8 29. Nd1 h5 30. Ne3 Rf7 31. g4 g5 32. Rf5 Bxf5 33. Nxf5+ Kh7 34. gxh5 d5
35. Ng3 Re8 36. h6 dxe4 37. Qh5 Ref8 38. Qg4 Re8 39. Rf5 Qc3 40. Qh5 Rd7 0-1

[Event "East Detroit (MCO/1)"]
[Site "?"]
[Date "1983.??.??"]
[Round "?"]
[White "Cyrul, R.."]
[Black "Smith, Michael R"]
[Result "0-1"]
[WhiteElo "1605"]
[BlackElo "1970"]
[PlyCount "46"]
[EventDate "1983.??.??"]

1. e4 e6 2. d4 d5 3. Nc3 Bb4 4. e5 c5 5. Qg4 Ne7 6. Qxg7 Rg8 7. Qxh7 cxd4 8.
Qh4 Nbc6 9. a3 Qa5 10. axb4 Qxa1 11. Nce2 Nxb4 12. Kd1 Qb1 13. Nxd4 Na2 14.
Nge2 Nxc1 15. Nxc1 Qxb2 16. g3 Bd7 17. Ndb3 Qxe5 18. Bd3 Qg5 19. Qb4 Qg4+ 20.
Qxg4 Rxg4 21. h3 Rg8 22. Ne2 e5 23. g4 e4 0-1

[Event "East Detroit (MCO/6)"]
[Site "?"]
[Date "1983.??.??"]
[Round "?"]
[White "Cyrul, R.."]
[Black "Keeley, G.."]
[Result "1-0"]
[WhiteElo "1605"]
[BlackElo "1605"]
[PlyCount "31"]
[EventDate "1983.??.??"]

1. e4 e5 2. Nf3 f6 3. Bc4 Nc6 4. O-O Bc5 5. c3 d6 6. d4 exd4 7. cxd4 Bb6 8. Nc3
Nb4 9. Qb3 Nc6 10. Bxg8 Qd7 11. Bxh7 Na5 12. Bg6+ Kd8 13. Qf7 Qe8 14. Qxe8+
Rxe8 15. Bxe8 Kxe8 16. e5 1-0